[Event "Carlos Torre Memorial op 31st"]
[Site "Merida"]
[Date "2019.12.15"]
[Round "4"]
[White "Galaviz Medina, Sion Radamantys"]
[Black "Vera Gonzalez Quevedo, Reynaldo"]
[Result "0-1"]
[WhiteElo "2299"]
[BlackElo "2436"]
[PlyCount "130"]
[EventDate "2019.12.13"]
[EventType "swiss"]
[EventRounds "9"]
[EventCountry "MEX"]
[SourceTitle "CBM 193 Extra"]
[Source "ChessBase"]
[SourceDate "2020.01.31"]
[SourceVersion "1"]
[SourceVersionDate "2020.01.31"]
[SourceQuality "1"]

1. d4 Nf6 2. Nf3 c5 3. dxc5 Na6 4. a3 Nxc5 5. b4 Nce4 6. Bb2 a5 7. c3 Ng4 8. Qd4 Ngxf2 9. Rg1 d6 10. e3 e5 11. Qd5 Qb6 12. Qb5+ Qxb5 13. Bxb5+ Bd7 14. Bxd7+ Kxd7 15. Ke2 Ng4 16. Nbd2 Nxd2 17. Nxd2 axb4 18. cxb4 Be7 19. h3 Nf6 20. Nc4 Ke6 21. Rac1 Rhc8 22. Rgd1 Ne4 23. Na5 b5 24. Rc6 Rxc6 25. Nxc6 Rc8 26. Rc1 Kd7 27. Na7 Rb8 28. Nc6 Rb7 29. Nxe7 Kxe7 30. Rc8 f6 31. Rg8 Ke6 32. Re8+ Kd7 33. Rg8 g6 34. Rh8 Ke6 35. Re8+ Kd5 36. Rc8 h5 37. Kd3 h4 38. Ke2 Rb6 39. Kd3 g5 40. Rf8 Rc6 41. Rb8 Nf2+ 42. Kd2 Kc4 43. Kc2 Nd3 44. Bc3 d5 45. Rd8 Nf2 46. Ba1 Ne4 47. Bb2 Nd6 48. Rb8 Nf5 49. Bc1 d4 50. exd4 Nxd4+ 51. Kd1 Kd3 52. Rf8 Rc2 53. Rxf6 Rxg2 54. Ke1 g4 55. hxg4 h3 56. Kf1 Ra2 57. Rh6 Ra1 58. Rxh3+ Kc4 59. g5 Rxc1+ 60. Kf2 Rc2+ 61. Kf1 e4 62. g6 Nf5 63. Rh8 Kd3 64. Rd8+ Ke3 65. Rd5 Nh4 0-1